| 000 | 00459cam a2200169 4500 | ||
|---|---|---|---|
| 001 | 6338 | ||
| 005 | 20250811140453.0 | ||
| 008 | 250729b |||||||| |||| 00| 0 eng d | ||
| 010 | _a2015046480 | ||
| 020 | _a9781419753039 | ||
| 022 | _a9781419753039 | ||
| 100 | 1 | _aSamuel,Kim | |
| 245 | 1 | 4 |
_aOn Belonging: _bfinding connection in an age of isolation |
| 264 | 1 |
_aUnited State. _bAbrams Press _c2022. |
|
| 300 |
_avii, 281 pages ; _c24 cm. |
||
| 942 |
_2ddc _cMAIN |
||
| 999 |
_c10453 _d10454 |
||